| 000 | 00840nam a22002057a 4500 | ||
|---|---|---|---|
| 003 | OSt | ||
| 005 | 20250911175237.0 | ||
| 008 | 240208b ||||| |||| 00| 0 eng d | ||
| 040 | _c0 | ||
| 082 | _aDPer 621.381 In821 April 2022 v. 37 n. 4 | ||
| 100 |
_aWang, Shou. _eauthor. _951919 |
||
| 245 |
_aImproved balanced technique for common-mode noise suppression of PCB-based PFC / _cShou Wang, Fred C. Lee, and Qiang Li. |
||
| 260 |
_aNew York ; _bThe Institute of Electrical and Electronics Engineers, Inc. , _cApril 2022. |
||
| 300 |
_aVolume 37, pages 4174-4182 : _billustration ; _c28 cm. |
||
| 500 | _aIEEE Transaction on Power Electronics, vol. 37, no. 4, pages 4174-4182, April 2022. | ||
| 700 |
_aWang, Shou. _eauthor. _951919 |
||
| 700 |
_aLee, Fred C. _eauthor. _951920 |
||
| 700 |
_aLi, Qiang. _eauthor. _951921 |
||
| 942 |
_2ddc _cPER |
||
| 999 |
_c19013 _d19013 |
||